[Event "CZE-ch Amateurs Blitz"]
[Site "Hluk"]
[Date "2025.05.09"]
[Round "2"]
[White "Kala, Jakub"]
[Black "Machacek, Jan"]
[Result "0-1"]
[WhiteElo "1916"]
[BlackElo "2128"]
[PlyCount "58"]
[EventDate "2025.05.09"]
[EventType "swiss (blitz)"]
[EventRounds "13"]
[EventCountry "CZE"]
[SourceTitle "CB20_2025"]
[SourceDate "2025.05.14"]
[SourceVersion "1"]
[SourceVersionDate "2025.05.14"]
[SourceQuality "1"]

1. Nf3 Nf6 2. c4 e6 3. Nc3 d5 4. e3 Be7 5. b3 c6 6. Bb2 Nbd7 7. Qc2 0-0 8. Be2 a5 9. Rg1 e5 10. cxd5 cxd5 11. Nb5 e4 12. Nfd4 Nc5 13. h3 Bd7 14. f4 Rc8 15. Nc3 Ne8 16. a3 Nd6 17. b4 axb4 18. axb4 Na6 19. Qb3 Be6 20. f5 Nxf5 21. Nxf5 Bxf5 22. Nxd5 Be6 23. Nxe7+ Qxe7 24. Qd1 Nxb4 25. Rc1 Qh4+ 26. Kf1 Rxc1 27. Qxc1 Rc8 28. Qa1 Nc2 29. Qa7 Qe1# 0-1

[Event "CZE-ch Amateurs Blitz"]
[Site "Hluk"]
[Date "2025.05.09"]
[Round "3"]
[White "Machacek, Jan"]
[Black "Matousek, Petr"]
[Result "1-0"]
[WhiteElo "2128"]
[BlackElo "1992"]
[PlyCount "67"]
[EventDate "2025.05.09"]
[EventType "swiss (blitz)"]
[EventRounds "13"]
[EventCountry "CZE"]
[SourceTitle "CB20_2025"]
[SourceDate "2025.05.14"]
[SourceVersion "1"]
[SourceVersionDate "2025.05.14"]
[SourceQuality "1"]

1. e4 d5 2. exd5 Nf6 3. d4 Nxd5 4. c4 Nb6 5. Nc3 e5 6. dxe5 Qxd1+ 7. Kxd1 Nc6 8. Bf4 Be6 9. b3 0-0-0+ 10. Kc2 Ba3 11. Rd1 Nb4+ 12. Kb1 Bf5+ 13. Ka1 Nc2+ 14. Kb1 Ne3+ 15. Bd3 Rxd3 16. Rxd3 Bxd3+ 17. Ka1 Nc2+ 18. Kb1 Nb4+ 19. Ka1 Nc2+ 20. Kb1 Ne3+ 21. Ka1 Nxg2 22. Bg3 Ne1 23. Nh3 Nc2+ 24. Kb1 Nd4+ 25. Ka1 Nf3 26. Nb5 Bc5 27. Nf4 Be4 28. Rd1 Rd8 29. Nxa7+ Kb8 30. Rxd8+ Kxa7 31. Ne2 Ka6 32. Nc3 Bf5 33. Kb2 Bd4 34. Bf4 1-0

[Event "CZE-ch Amateurs Blitz"]
[Site "Hluk"]
[Date "2025.05.09"]
[Round "4"]
[White "Novotny, Michal"]
[Black "Machacek, Jan"]
[Result "0-1"]
[WhiteElo "2260"]
[BlackElo "2128"]
[PlyCount "53"]
[EventDate "2025.05.09"]
[EventType "swiss (blitz)"]
[EventRounds "13"]
[EventCountry "CZE"]
[SourceTitle "CB20_2025"]
[SourceDate "2025.05.14"]
[SourceVersion "1"]
[SourceVersionDate "2025.05.14"]
[SourceQuality "1"]

1. e4 c5 2. Nf3 d6 3. d4 cxd4 4. Nxd4 Nf6 5. Nc3 a6 6. Be2 e6 7. g4 Qc7 8. g5 Nfd7 9. Be3 b5 10. a3 Bb7 11. Qd2 Nb6 12. 0-0-0 N8d7 13. h4 Ne5 14. Bxb5+ axb5 15. Ndxb5 Qd8 16. b3 d5 17. exd5 Nxd5 18. Nxd5 Bxd5 19. c4 Rxa3 20. cxd5 Rxb3 21. Qd4 Qc8+ 22. Nc3 Rxc3+ 23. Kb2 Rc2+ 24. Kb3 Rc7 25. Qa4+ Nd7 26. dxe6 fxe6 27. Rd3 0-1

[Event "Liberec Desko op"]
[Site "Liberec"]
[Date "2024.07.27"]
[Round "9"]
[White "Machacek, Jan"]
[Black "Kaderabek, Jiri"]
[Result "0-1"]
[WhiteElo "2036"]
[BlackElo "1984"]
[PlyCount "100"]
[EventDate "2024.07.20"]
[EventType "swiss"]
[EventRounds "9"]
[EventCountry "CZE"]
[SourceTitle "EXT 2025"]
[Source "ChessBase"]
[SourceDate "2024.10.14"]
[SourceVersion "1"]
[SourceVersionDate "2024.10.14"]
[SourceQuality "1"]

1. e4 d6 2. d4 Nf6 3. Nc3 g6 4. Be3 c6 5. h3 Bg7 6. g4 Qa5 7. Qd2 0-0 8. Bg2 Nbd7 9. Nge2 e5 10. 0-0 Qc7 11. a4 b6 12. f4 exf4 13. Bxf4 Ba6 14. Rfe1 Rad8 15. Qe3 c5 16. Qg3 Ne8 17. Nd5 Qb8 18. Ne7+ Kh8 19. Nc6 Qc7 20. e5 Bxe2 21. Rxe2 d5 22. Bxd5 Qc8 23. Nxd8 Qxd8 24. c3 cxd4 25. cxd4 Nb8 26. Bg2 Qxd4+ 27. Kh1 Na6 28. Rd2 Qb4 29. Rd8 Nc5 30. Bc6 Ne6 31. Bd2 Qc5 32. Rc1 Qxc1+ 33. Bxc1 Nxd8 34. Be4 Nc7 35. Bd2 Nde6 36. Bc3 Rd8 37. h4 Nc5 38. Bc6 N7e6 39. b4 Nd3 40. Be4 Ndf4 41. Qf3 Kg8 42. h5 Bh6 43. Bf5 Nd5 44. Bxe6 fxe6 45. g5 Bf8 46. hxg6 hxg6 47. a5 Rc8 48. Bd2 Rc7 49. Kg2 Rc2 50. Qh3 Nf4+ 0-1

[Event "Liberec Desko op"]
[Site "Liberec"]
[Date "2024.07.25"]
[Round "7"]
[White "Machacek, Jan"]
[Black "Sivak, Lukas"]
[Result "1-0"]
[WhiteElo "2036"]
[BlackElo "1864"]
[PlyCount "29"]
[EventDate "2024.07.20"]
[EventType "swiss"]
[EventRounds "9"]
[EventCountry "CZE"]
[SourceTitle "EXT 2025"]
[Source "ChessBase"]
[SourceDate "2024.10.14"]
[SourceVersion "1"]
[SourceVersionDate "2024.10.14"]
[SourceQuality "1"]

1. d4 d5 2. Nf3 Nf6 3. c4 c6 4. Nc3 e6 5. e3 Nbd7 6. Bd3 dxc4 7. Bxc4 b5 8. Bd3 a6 9. e4 Bb7 10. 0-0 Be7 11. e5 Nd5 12. Ne4 0-0 13. Bb1 c5 14. dxc5 Nxc5 15. Nxc5 1-0

[Event "Liberec Desko op"]
[Site "Liberec"]
[Date "2024.07.21"]
[Round "3"]
[White "Machacek, Jan"]
[Black "Haba, Petr"]
[Result "1/2-1/2"]
[WhiteElo "2036"]
[BlackElo "2427"]
[PlyCount "113"]
[EventDate "2024.07.20"]
[EventType "swiss"]
[EventRounds "9"]
[EventCountry "CZE"]
[SourceTitle "EXT 2025"]
[Source "ChessBase"]
[SourceDate "2024.10.14"]
[SourceVersion "1"]
[SourceVersionDate "2024.10.14"]
[SourceQuality "1"]

1. e4 c6 2. Nc3 d5 3. Nf3 Bg4 4. h3 Bxf3 5. Qxf3 e6 6. d3 Nf6 7. Bd2 Nbd7 8. 0-0-0 Bd6 9. d4 dxe4 10. Nxe4 Nxe4 11. Qxe4 Nf6 12. Qh4 Nd5 13. Qxd8+ Rxd8 14. c4 Ne7 15. Bd3 0-0 16. Bg5 Rd7 17. Be4 Nc8 18. Be3 Rfd8 19. g4 g6 20. Bg2 Kg7 21. Rd3 Bc5 22. Rhd1 e5 23. d5 Bxe3+ 24. fxe3 c5 25. R3d2 Nd6 26. b3 f5 27. Rf2 Rf7 28. Rdf1 Rdf8 29. Kd2 e4 30. Ke2 g5 31. gxf5 Nxf5 32. Kd2 Nd6 33. Ke2 h5 34. a4 b6 35. Ke1 Rxf2 36. Rxf2 Rxf2 37. Kxf2 Kf6 38. Bf1 g4 39. hxg4 hxg4 40. Bg2 Ke5 41. Bf1 Kf6 42. Bg2 Ke5 43. Bf1 Kf5 44. Be2 Kg5 45. Bf1 Kh4 46. Bg2 g3+ 47. Ke1 Kg4 48. Ke2 a6 49. Kf1 Kf5 50. Bh3+ Kg5 51. Bd7 a5 52. Kg2 Kh4 53. Be6 Nb7 54. Bf5 Nd6 55. Bh7 Kg4 56. Bg8 Kh4 57. Be6 1/2-1/2

[Event "Liberec Desko op"]
[Site "Liberec"]
[Date "2024.07.21"]
[Round "2"]
[White "Machacek, Jan"]
[Black "Vytlacil, Vaclav"]
[Result "1-0"]
[WhiteElo "2036"]
[BlackElo "1793"]
[PlyCount "39"]
[EventDate "2024.07.20"]
[EventType "swiss"]
[EventRounds "9"]
[EventCountry "CZE"]
[SourceTitle "EXT 2025"]
[Source "ChessBase"]
[SourceDate "2024.10.14"]
[SourceVersion "1"]
[SourceVersionDate "2024.10.14"]
[SourceQuality "1"]

1. Nf3 Nf6 2. c4 g6 3. d4 Bg7 4. Nc3 d5 5. Bg5 Ne4 6. Bf4 Nxc3 7. bxc3 c5 8. e3 Qa5 9. Qd2 Be6 10. Ng5 0-0 11. Be2 h6 12. Nxe6 fxe6 13. Rd1 Nc6 14. 0-0 Rad8 15. Bg3 a6 16. Qc2 e5 17. cxd5 Rxd5 18. Bc4 e6 19. Bxd5 exd5 20. dxe5 1-0

[Event "Liberec Desko op"]
[Site "Liberec"]
[Date "2023.07.16"]
[Round "2"]
[White "Machacek, Jan"]
[Black "Goc, Vlastimil"]
[Result "1/2-1/2"]
[WhiteElo "2086"]
[BlackElo "1868"]
[PlyCount "118"]
[EventDate "2023.07.15"]
[EventType "swiss"]
[EventRounds "9"]
[EventCountry "CZE"]
[SourceTitle "CBM 215 Extra"]
[Source "ChessBase"]
[SourceDate "2023.09.30"]
[SourceVersion "1"]
[SourceVersionDate "2023.09.30"]
[SourceQuality "1"]

1. d4 Nf6 2. Nf3 d5 3. c4 e6 4. Nc3 dxc4 5. e3 a6 6. a4 b6 7. Bxc4 Bb7 8. 0-0 Nbd7 9. Qe2 Bb4 10. Bd3 c5 11. Na2 Ba5 12. e4 Qe7 13. e5 Nd5 14. Bg5 f6 15. exf6 gxf6 16. Bh6 Rg8 17. g3 Nf8 18. Rac1 Ng6 19. Be4 f5 20. Bxd5 Bxd5 21. Nc3 Bxc3 22. bxc3 c4 23. Rfe1 Qb7 24. Nd2 b5 25. Rb1 Qc6 26. Bg5 Kf7 27. Rb2 Rg7 28. Reb1 Rb8 29. Bh6 Rgg8 30. Qh5 Rb7 31. Bf4 Kf8 32. Be3 Ke8 33. f3 Rgg7 34. Kf2 Rgf7 35. axb5 Rxb5 36. Rxb5 axb5 37. Ra1 Kf8 38. h4 Qc7 39. Qh6+ Kg8 40. h5 f4 41. hxg6 fxe3+ 42. Kxe3 Rg7 43. gxh7+ Kh8 44. Qf4 Qxf4+ 45. Kxf4 Kxh7 46. Rb1 Rf7+ 47. Ke3 Bc6 48. Ne4 Kg6 49. f4 Ra7 50. d5 Bxd5 51. Nd6 Ra2 52. Nxb5 Rg2 53. Rf1 Rxg3+ 54. Kd4 Rd3+ 55. Kc5 Kf5 56. Nd6+ Kg4 57. Kb4 Rf3 58. Rxf3 Kxf3 59. Nxc4 Kxf4 1/2-1/2

[Event "CZE-chT2C 2223"]
[Site "Czech Republic"]
[Date "2022.12.18"]
[Round "5.4"]
[White "Krivanek, Vladimir"]
[Black "Machacek, Jan"]
[Result "1-0"]
[WhiteElo "2128"]
[BlackElo "2016"]
[PlyCount "53"]
[EventDate "2022.10.16"]
[EventType "team-tourn"]
[EventRounds "11"]
[EventCountry "CZE"]
[SourceTitle "EXT 2024"]
[Source "ChessBase"]
[SourceDate "2023.10.10"]
[SourceVersion "1"]
[SourceVersionDate "2023.10.10"]
[SourceQuality "1"]
[WhiteTeam "Praha DDM"]
[BlackTeam "Liberec"]
[WhiteTeamCountry "CZE"]
[BlackTeamCountry "CZE"]

1. d4 d5 2. c4 e6 3. Nf3 c6 4. e3 Nf6 5. Bd3 Nbd7 6. Nc3 dxc4 7. Bxc4 b5 8. Bd3 Bb7 9. 0-0 Be7 10. e4 b4 11. Na4 c5 12. e5 Nd5 13. Nxc5 Nxc5 14. dxc5 0-0 15. c6 Bxc6 16. Bxh7+ Kxh7 17. Qc2+ Kg8 18. Qxc6 Rc8 19. Qa6 Qd7 20. Bg5 Bc5 21. Qe2 Rc7 22. Rad1 Rfc8 23. Qe4 Bf8 24. Qh4 Rc2 25. Rd4 Qb5 26. Rg4 Bc5 27. h3 1-0

[Event "Liberec Region-chT 2223"]
[Site "Czech Republic"]
[Date "2022.11.27"]
[Round "4.1"]
[White "Machacek, Jan"]
[Black "Prudek, Jiri"]
[Result "1-0"]
[WhiteElo "2022"]
[BlackElo "1993"]
[PlyCount "77"]
[EventDate "2022.10.09"]
[EventType "team-tourn"]
[EventRounds "11"]
[EventCountry "CZE"]
[SourceTitle "EXT 2024"]
[Source "ChessBase"]
[SourceDate "2023.10.10"]
[SourceVersion "1"]
[SourceVersionDate "2023.10.10"]
[SourceQuality "1"]

1. e4 c5 2. Nf3 Nc6 3. d4 cxd4 4. Nxd4 Nf6 5. Nc3 e5 6. Ndb5 d6 7. Nd5 Nxd5 8. exd5 Ne7 9. c4 Nf5 10. Bd3 g6 11. 0-0 a6 12. Nc3 Bg7 13. Kh1 0-0 14. a4 Qh4 15. g3 Qh3 16. Be4 h5 17. Bg2 Qg4 18. Ne4 Qxd1 19. Rxd1 f6 20. b4 b6 21. a5 Rb8 22. Ba3 bxa5 23. bxa5 Rd8 24. Rdb1 Rxb1+ 25. Rxb1 Kf7 26. Rb8 Bf8 27. Bh3 Be7 28. Kg1 Bd7 29. Rxd8 Bxd8 30. Bxf5 gxf5 31. Nxd6+ Kg6 32. Nb7 Bc7 33. c5 Bb5 34. d6 Bb8 35. Nd8 f4 36. c6 fxg3 37. hxg3 Ba7 38. d7 Bd4 39. Ne6 1-0

[Event "Stare Mesto op"]
[Site "Stare Mesto"]
[Date "2022.08.13"]
[Round "2"]
[White "Machacek, Jan"]
[Black "Fialka, Adam"]
[Result "1-0"]
[WhiteElo "1972"]
[BlackElo "1896"]
[PlyCount "73"]
[EventDate "2022.08.12"]
[EventType "swiss"]
[EventRounds "9"]
[EventCountry "CZE"]
[SourceTitle "CBM 209 Extra"]
[Source "ChessBase"]
[SourceDate "2022.09.30"]
[SourceVersion "1"]
[SourceVersionDate "2022.09.30"]
[SourceQuality "1"]

1. e4 c5 2. Nf3 e6 3. d4 cxd4 4. Nxd4 a6 5. Nc3 Qc7 6. g3 Bb4 7. Bd2 Nf6 8. Bg2 Nc6 9. Nb3 0-0 10. 0-0 Be7 11. f4 d6 12. g4 Nd7 13. g5 f6 14. Bh3 Nb6 15. f5 exf5 16. gxf6 Bxf6 17. Bxf5 Bxf5 18. Rxf5 Nd4 19. Rxf6 Rxf6 20. Nxd4 Raf8 21. Qe2 Qc5 22. Be3 d5 23. Rd1 Rg6+ 24. Kh1 Qb4 25. Nf5 Nc8 26. Rxd5 Qxb2 27. Qc4 Kh8 28. Qb3 Qxb3 29. axb3 Ne7 30. Rd7 Nxf5 31. exf5 Rgf6 32. Ne4 Rxf5 33. Nd6 R5f6 34. Bd4 Rg6 35. Nf5 Rc8 36. Bxg7+ Kg8 37. Nh6+ 1-0

[Event "Stare Mesto op"]
[Site "Stare Mesto"]
[Date "2021.08.15"]
[Round "3"]
[White "Machacek, Jan"]
[Black "Husek, Martin"]
[Result "0-1"]
[WhiteElo "1891"]
[BlackElo "2241"]
[PlyCount "92"]
[EventDate "2021.08.13"]
[EventType "swiss"]
[EventRounds "9"]
[EventCountry "CZE"]
[SourceTitle "CBM 203 Extra"]
[Source "ChessBase"]
[SourceDate "2021.09.30"]
[SourceVersion "1"]
[SourceVersionDate "2021.09.30"]
[SourceQuality "1"]

1. e4 c5 2. Nf3 Nc6 3. d4 cxd4 4. Nxd4 g6 5. c4 Bg7 6. Be3 Nf6 7. Nc3 0-0 8. Be2 d6 9. f3 Bd7 10. 0-0 Nxd4 11. Bxd4 Bc6 12. Qd2 Nd7 13. Be3 a5 14. b3 Nc5 15. Rab1 e6 16. Rfd1 Be5 17. Bf1 Qh4 18. f4 Bxc3 19. Qxc3 Nxe4 20. Qb2 f5 21. a3 g5 22. g3 Nxg3 23. Bf2 gxf4 24. Rd3 Qh6 25. Bxg3 fxg3 26. Rxg3+ Kf7 27. Qd4 Rg8 28. Bg2 Bxg2 29. Kxg2 Ke7 30. Rd1 Rad8 31. c5 d5 32. Rxg8 Rxg8+ 33. Kh1 Qg5 34. Qf2 f4 35. c6 bxc6 36. Rc1 f3 37. Qc5+ Kf7 38. Qa7+ Kf6 39. Qd4+ Qe5 40. Qh4+ Qg5 41. Qd4+ Qe5 42. Qh4+ Kf7 43. Qxh7+ Rg7 44. Qh4 Qg5 45. Qxg5 Rxg5 46. Rxc6 e5 0-1

[Event "Liberec Desko op"]
[Site "Liberec"]
[Date "2021.07.18"]
[Round "3"]
[White "Kucera, Petr3"]
[Black "Machacek, Jan"]
[Result "1-0"]
[WhiteElo "2256"]
[BlackElo "1817"]
[PlyCount "27"]
[EventDate "2021.07.17"]
[EventType "swiss"]
[EventRounds "9"]
[EventCountry "CZE"]
[SourceTitle "CBM 203 Extra"]
[Source "ChessBase"]
[SourceDate "2021.09.30"]
[SourceVersion "1"]
[SourceVersionDate "2021.09.30"]
[SourceQuality "1"]

1. d4 Nf6 2. Bf4 d5 3. e3 c5 4. c3 Nc6 5. Nd2 Bf5 6. Ngf3 h6 7. dxc5 e6 8. b4 Be7 9. Nd4 Bg4 10. Qa4 Qd7 11. Bb5 Rc8 12. 0-0 0-0 13. f3 Bh5 14. N2b3 1-0

[Event "Liberec op 20th"]
[Site "Liberec"]
[Date "2020.02.27"]
[Round "7"]
[White "Machacek, Jan"]
[Black "Paldus, Petr"]
[Result "0-1"]
[WhiteElo "1621"]
[BlackElo "2009"]
[PlyCount "78"]
[EventDate "2020.02.22"]
[EventType "swiss"]
[EventRounds "9"]
[EventCountry "CZE"]
[SourceTitle "CBM 195 Extra"]
[Source "ChessBase"]
[SourceDate "2020.05.31"]
[SourceVersion "1"]
[SourceVersionDate "2020.05.31"]
[SourceQuality "1"]

1. e4 d6 2. d4 Nf6 3. Nc3 g6 4. Be3 Bg7 5. Qd2 c6 6. f3 0-0 7. Bh6 e5 8. Bxg7 Kxg7 9. 0-0-0 Qa5 10. h4 h5 11. Be2 b5 12. Nh3 b4 13. Nb1 Qb6 14. d5 cxd5 15. exd5 a5 16. Ng5 a4 17. g4 b3 18. cxb3 axb3 19. a3 Ba6 20. Ne4 Nbd7 21. Nbc3 Rfc8 22. Kb1 Nxe4 23. fxe4 Rxc3 24. bxc3 Bxe2 25. Qxe2 Rxa3 26. c4 Qa5 27. Qb2 Nc5 28. Rh3 hxg4 29. Re3 Ra2 30. Qc3 Qa4 31. Rd2 Rxd2 32. Qxd2 Qa3 33. Qb2 Qxb2+ 34. Kxb2 Kh6 35. Re1 Kh5 36. Rf1 g3 37. Rxf7 Kxh4 38. Rf6 g5 39. Rxd6 g2 0-1